Men of physics /

Bibliographic Details
Main Author: Landau, L. D. (Lev Davidovich), 1908-1968
Other Authors: Haar, D. ter
Format: Book
Language:English
Published: Oxford, New York : Pergamon Press, [1965-]
Edition:[1st ed.].
Series:The Commonwealth and international library of science, technology, engineering, and liberal studies. Selected readings in physics
Subjects:

MARC

Tag First Indicator Second Indicator Subfields
LEADER 00000cam a2200000 4500
001 in00000046096
005 20151007065320.0
008 720229m19659999enkac b 00010 eng
010 |a  65018373  
035 |a (OCoLC)00252508 
035 |9 AAE1747AM 
040 |a DLC  |c FIN  |d OCL  |d TXA  |d UtOrBLW 
049 |a TXAM  |c 1  |v 1 [416703]  |c 2  |v 1 [425672] 
050 0 |a QC3  |b .L32 
082 0 |a 508.1 
092 |a 530  |b L253m 
100 1 |a Landau, L. D.  |q (Lev Davidovich),  |d 1908-1968. 
245 1 0 |a Men of physics /  |c L. D. Landau  |c [edited by] D. ter Haar. 
250 |a [1st ed.]. 
264 1 |a Oxford,  |a New York :  |b Pergamon Press,  |c [1965-] 
300 |a 2 volumes :  |b illustrations, portrait ;  |c 20 cm. 
336 |a text  |b txt  |2 rdacontent 
337 |a unmediated  |b n  |2 rdamedia 
338 |a volume  |b nc  |2 rdacarrier 
490 0 |a The Commonwealth and international library of science, technology, engineering, and liberal studies. Selected readings in physics 
500 |a "352." 
504 |a Includes bibliographical references. 
505 0 |a v.1 Low temperature and solid state physics.--v.2. Thermodynamics, plasma physics, and quantum mechanics. 
650 0 |a Physics. 
700 1 |a Haar, D. ter. 
999 |a MARS 
999 f f |s 9a355b53-3b8b-34bc-b3cf-21e9710b535a  |i 3f2fcb7c-4b4a-352f-ac0d-b8a731edefba  |t 0 
952 f f |p ric  |a Texas A&M University  |b Rellis Campus  |c Joint Library Facility  |s JLF  |d Remote Storage  |t 0  |e QC3 .L32  |h Library of Congress classification  |i unmediated -- volume  |k v.1  |m A14800906300 
998 f f |a QC3 .L32  |s v1  |t 0  |l Remote Storage